<?xml version="1.0" encoding="UTF-8"?>
<record
    xmlns:xsi="http://www.w3.org/2001/XMLSchema-instance"
    xsi:schemaLocation="http://www.loc.gov/MARC21/slim http://www.loc.gov/standards/marcxml/schema/MARC21slim.xsd"
    xmlns="http://www.loc.gov/MARC21/slim">

  <leader>01996nam#a2200265   4500</leader>
  <controlfield tag="001">9781456251499</controlfield>
  <controlfield tag="003">VST</controlfield>
  <controlfield tag="005">20250425090629.0</controlfield>
  <controlfield tag="006">m     o  d        </controlfield>
  <controlfield tag="007">cr#un#---uucau</controlfield>
  <controlfield tag="008">160629s2016    MEX                 eng d</controlfield>
  <datafield tag="020" ind1=" " ind2=" ">
    <subfield code="a">9781456251499</subfield>
  </datafield>
  <datafield tag="040" ind1=" " ind2=" ">
    <subfield code="a">VST</subfield>
    <subfield code="c">VST</subfield>
    <subfield code="d">VST</subfield>
  </datafield>
  <datafield tag="100" ind1="1" ind2=" ">
    <subfield code="a">Gabriel Baca Urbina</subfield>
    <subfield code="e">author</subfield>
  </datafield>
  <datafield tag="245" ind1="1" ind2="0">
    <subfield code="a">Evaluaci&#xF3;n de proyectos, 8th Edition</subfield>
  </datafield>
  <datafield tag="250" ind1=" " ind2=" ">
    <subfield code="a">eighth edition</subfield>
  </datafield>
  <datafield tag="260" ind1=" " ind2=" ">
    <subfield code="a">Mexico :</subfield>
  </datafield>
  <datafield tag="264" ind1=" " ind2="1">
    <subfield code="a">Mexico :</subfield>
    <subfield code="b">McGraw-Hill Interamericana,</subfield>
    <subfield code="c">2016</subfield>
  </datafield>
  <datafield tag="300" ind1=" " ind2=" ">
    <subfield code="a">1 online resource</subfield>
  </datafield>
  <datafield tag="336" ind1=" " ind2=" ">
    <subfield code="a">text</subfield>
    <subfield code="b">txt</subfield>
    <subfield code="2">rdacontent</subfield>
  </datafield>
  <datafield tag="337" ind1=" " ind2=" ">
    <subfield code="a">computer</subfield>
    <subfield code="b">c</subfield>
    <subfield code="2">rdamedia</subfield>
  </datafield>
  <datafield tag="520" ind1=" " ind2=" ">
    <subfield code="a">Al parecer estos tiempos representan uno de los periodos m&#xE1;s dif&#xED;ciles que ha atravesado el mundo, s&#xF3;lo superado por la segunda guerra mundial. De modo que el siglo xxi se define por desempleo generalizado, incluso en pa&#xED;ses de alto nivel econ&#xF3;mico llamados desarrollados; tambi&#xE9;n la contaminaci&#xF3;n que lleva al planeta a un calentamiento global que amenaza con derretir gran parte de los polos; concentraci&#xF3;n desmedida del capital debido al modelo econ&#xF3;mico capitalista, generando como consecuencia un incremento en la delincuencia en los pa&#xED;ses con m&#xE1;s desempleo, y la lista es larga con los problemas que el mundo nunca hab&#xED;a enfrentado ni tampoco con la magnitud de los mismos. Esta octava edici&#xF3;n de Evaluaci&#xF3;n de proyectos contiene un nuevo cap&#xED;tulo, el noveno, que trata de los m&#xE9;todos recientes de evaluaci&#xF3;n social oficial. Por "oficial" se quiere indicar que son los m&#xE9;todos aprobados por la ONU (Organizaci&#xF3;n de las Naciones Unidas) y por el FMI (Fondo Monetario Internacional), primero, para asignar pr&#xE9;stamos a los pa&#xED;ses que lo soliciten y, despu&#xE9;s, medir con esos &#xED;ndices si mejor&#xF3; alguna condici&#xF3;n de la sociedad; es decir, si se aplicaron de modo correcto los recursos econ&#xF3;micos asignados en beneficio de la sociedad de ese pa&#xED;s.</subfield>
  </datafield>
  <datafield tag="856" ind1="4" ind2="0">
    <subfield code="u">https://resolver.vitalsource.com/9781456251499</subfield>
  </datafield>
  <datafield tag="942" ind1=" " ind2=" ">
    <subfield code="c">RAA</subfield>
  </datafield>
  <datafield tag="952" ind1=" " ind2=" ">
    <subfield code="0">0</subfield>
    <subfield code="1">0</subfield>
    <subfield code="4">0</subfield>
    <subfield code="7">0</subfield>
    <subfield code="8">MGH</subfield>
    <subfield code="a">BD-UIN</subfield>
    <subfield code="b">BD-UIN</subfield>
    <subfield code="d">2025-04-25</subfield>
    <subfield code="l">0</subfield>
    <subfield code="r">2025-04-25</subfield>
    <subfield code="w">2025-04-25</subfield>
    <subfield code="y">RAA</subfield>
  </datafield>
  <datafield tag="999" ind1=" " ind2=" ">
    <subfield code="c">228941</subfield>
    <subfield code="d">228941</subfield>
  </datafield>
</record>
